Účtová osnova a směrnice k účtové osnově pro hospodářské organizáce ve znění platném pro organizace vnitřního obchodu

Saved in:
Bibliographic Details
Format: Book
Language:Czech
Published: Praha Merkur 1986
Edition:1. vyd.
Tags: Add Tag
No Tags, Be the first to tag this record!

MARC

LEADER 00000nam a2200000 4500
001 c022382
005 20221220073128.8
041 0 |a cze 
044 |a CZ 
245 1 0 |a Účtová osnova a směrnice k účtové osnově pro hospodářské organizáce ve znění platném pro organizace vnitřního obchodu 
250 |a 1. vyd. 
264 1 |a Praha  |b Merkur  |c 1986 
300 |a 445 s.